000
002800000a22001090004500
090
_a
AR
_b
04770
100
1
_a
Bell, William J.
_9
98926
245
1
0
_a
Searching behavior patterns in insects
041
0
_a
Inglés
942
_c
ARTICULO
773
1
_t
Annu. Rev. Entomol.
_q
447-467
_d
1990
_g
35
999
_c
13870
_d
13870